The elements of moral philosophy / (Record no. 22873)
[ view plain ]
| 000 -LEADER | |
|---|---|
| fixed length control field | 00608nam a2200205 a 4500 |
| 003 - CONTROL NUMBER IDENTIFIER | |
| control field | PILC |
| 005 - DATE AND TIME OF LATEST TRANSACTION | |
| control field | 20160216104143.0 |
| 008 - FIXED-LENGTH DATA ELEMENTS--GENERAL INFORMATION | |
| fixed length control field | 080204s19uu xx 00 eng d |
| 020 ## - INTERNATIONAL STANDARD BOOK NUMBER | |
| International Standard Book Number | 978071107280 |
| 050 ## - LIBRARY OF CONGRESS CALL NUMBER | |
| Classification number | BJ 1012 |
| Item number | .R29 2007 |
| 100 ## - MAIN ENTRY--PERSONAL NAME | |
| Personal name | Rachels, James. |
| 245 ## - TITLE STATEMENT | |
| Title | The elements of moral philosophy / |
| Statement of responsibility, etc | James Rachels; fifth edition by Stuart Rachels. |
| 260 ## - PUBLICATION, DISTRIBUTION, ETC. (IMPRINT) | |
| Place of publication, distribution, etc | U.S.A : |
| Name of publisher, distributor, etc | McGraw-Hill, |
| Date of publication, distribution, etc | 2007. |
| 300 ## - PHYSICAL DESCRIPTION | |
| Extent | xii, 210 pages ; |
| Dimensions | 22 cm. |
| 500 ## - GENERAL NOTE | |
| General note | Includes bibliographical references and index. |
| 650 ## - SUBJECT ADDED ENTRY--TOPICAL TERM | |
| Topical term or geographic name as entry element | Ethics. |
| 700 ## - ADDED ENTRY--PERSONAL NAME | |
| Personal name | Rachels, Stuart. |
| 942 ## - ADDED ENTRY ELEMENTS (KOHA) | |
| Koha item type | Books |
| Source of classification or shelving scheme | Library of Congress Classification |
| Call number prefix | Foreign |
| Withdrawn status | Lost status | Source of classification or shelving scheme | Damaged status | Home library | Current library | Shelving location | Date acquired | Source of acquisition | Cost, normal purchase price | Total Checkouts | Full call number | Barcode | Date last seen | Copy number | Price effective from | Koha item type |
|---|---|---|---|---|---|---|---|---|---|---|---|---|---|---|---|---|
| Library of Congress Classification | College Library | College Library | General Circulation Section | 02/04/2008 | Library Fund | 2036.00 | BJ 1012 .R29 2007 | C9126 | 05/15/2018 | 1 | 10/18/2013 | Books |